Statistics for Leicester City - Manchester City 2015-2016

Click here to take the quiz!

General Stats

  • This quiz has been taken 361 times
  • The average score is 21 of 30

Answer Stats

Answer % Correct
Jamie Vardy
100%
Riyad Mahrez
95%
Sergio Agüero
95%
Joe Hart
90%
N'Golo Kanté
89%
Wes Morgan
88%
Daniel Drinkwater
87%
David Silva
85%
Kasper Schmeichel
83%
Robert Huth
83%
Christian Fuchs
80%
Raheem Sterling
78%
Danny Simpson
78%
Marc Albrighton
74%
Claudio Ranieri
73%
Nicolas Otamendi
72%
Fernandinho
72%
Yaya Touré
71%
K. De Bruyne
70%
Alek. Kolarov
66%
Bacary Sagna
65%
Manuel Pellegrini
64%
Eliaquim Mangala
54%
Leonardo Ulloa
52%
Andy King
48%
Jesus Navas
48%
Kelechi Iheanacho
30%
Wilfried Bony
29%
Gökhan Inler
20%
Ritchie De Laet
12%

Score Distribution

Percentile by Number Answered

Percent of People with Each Score

Your Score History

You have not taken this quiz